00442nam a2200169Ia 4500003000400000005001700004008004100021020001400062040000700076041000800083082001900091100002800110245006800138260003600206300001600242365001400258OSt20230405104224.0210423s2002 xx 000 0 und d a761954732 cAL aeng a158.3 NELR223 aNELSON-JONES (Richard). aEssential counselling and therapy skills: skilled client model. aLondonbSage Publicationsc2002 axiv,382bPB b1811cINR